[Event "San Francisco TNM Spring op"]
[Site "San Francisco"]
[Date "2014.04.29"]
[Round "7"]
[White "Gandhi, Sid"]
[Black "Regzedmaa, Ganhuyag"]
[Result "0-1"]
[WhiteElo "1203"]
[BlackElo "1483"]
[PlyCount "76"]
[EventDate "2014.03.18"]
[EventType "swiss"]
[EventRounds "8"]
[EventCountry "USA"]
[SourceTitle "EXT 2016"]
[Source "ChessBase"]
[SourceDate "2015.10.08"]
[SourceVersion "1"]
[SourceVersionDate "2015.10.08"]
[SourceQuality "1"]

1. e4 e5 2. Nf3 d6 3. Nc3 Nf6 4. d4 exd4 5. Nxd4 h6 6. f3 a6 7. Be3 Bd7 8. Qd2 Nc6 9. 0-0-0 Nxd4 10. Qxd4 c5 11. Qd2 Be6 12. g4 Be7 13. Kb1 Qc7 14. Be2 0-0-0 15. Bf4 Qa5 16. Nd5 Qxd2 17. Nxe7+ Kd7 18. Rxd2 Kxe7 19. c4 g5 20. Bg3 h5 21. Rhd1 Ne8 22. e5 hxg4 23. exd6+ Kd7 24. fxg4 Rh6 25. Ka1 Nf6 26. Re1 Ne4 27. Rdd1 Nxg3 28. hxg3 Rh2 29. Bf3 b6 30. Bb7 a5 31. Ba6 Rg2 32. Rd3 Rh8 33. a3 Rhh2 34. Bb5+ Kd8 35. Rb3 Rd2 36. Bc6 Rxd6 37. Rxb6 Kc7 38. Ra6 Rxc6 0-1

[Event "San Francisco TNM Spring op"]
[Site "San Francisco"]
[Date "2014.04.22"]
[Round "6"]
[White "Voorhees, Cory"]
[Black "Gandhi, Sid"]
[Result "0-1"]
[WhiteElo "1476"]
[BlackElo "1203"]
[PlyCount "72"]
[EventDate "2014.03.18"]
[EventType "swiss"]
[EventRounds "8"]
[EventCountry "USA"]
[SourceTitle "EXT 2016"]
[Source "ChessBase"]
[SourceDate "2015.10.08"]
[SourceVersion "1"]
[SourceVersionDate "2015.10.08"]
[SourceQuality "1"]

1. e4 c5 2. Nf3 Nc6 3. Bb5 e6 4. 0-0 a6 5. Bxc6 dxc6 6. Re1 Qc7 7. c3 Nf6 8. e5 Nd7 9. d4 b5 10. Nbd2 cxd4 11. cxd4 Bb4 12. a3 Ba5 13. b4 Bb6 14. Ne4 0-0 15. Nfg5 a5 16. Nxh7 Rd8 17. Qh5 Bxd4 18. Nhg5 Nf8 19. Ra2 Bxe5 20. Nc5 axb4 21. Rxe5 f6 22. Ngxe6 Bxe6 23. Nxe6 Nxe6 24. Rxe6 Qd7 25. Re1 Re8 26. Rae2 Rxe2 27. Qxe2 bxa3 28. Qa2+ Qf7 29. Qxf7+ Kxf7 30. Kf1 b4 31. Ke2 Re8+ 32. Kd1 Rxe1+ 33. Kxe1 Ke6 34. Ke2 Kd5 35. Bxa3 bxa3 36. Kd3 a2 0-1

[Event "San Francisco TNM Spring op"]
[Site "San Francisco"]
[Date "2014.04.15"]
[Round "5"]
[White "Gandhi, Sid"]
[Black "Frank, Robert"]
[Result "1/2-1/2"]
[WhiteElo "1203"]
[BlackElo "1438"]
[PlyCount "102"]
[EventDate "2014.03.18"]
[EventType "swiss"]
[EventRounds "8"]
[EventCountry "USA"]
[SourceTitle "EXT 2016"]
[Source "ChessBase"]
[SourceDate "2015.10.08"]
[SourceVersion "1"]
[SourceVersionDate "2015.10.08"]
[SourceQuality "1"]

1. e4 e5 2. Nf3 Nf6 3. Bc4 Nc6 4. Nc3 Na5 5. Nxe5 Nxc4 6. Nxc4 d5 7. exd5 Nxd5 8. Nxd5 Qxd5 9. Ne3 Qg5 10. d4 Bd6 11. Qe2 0-0 12. Bd2 Bf4 13. 0-0-0 Bd7 14. h4 Qg6 15. f3 Rfe8 16. Rde1 Bg3 17. Rd1 Qd6 18. Qd3 c5 19. Be1 Bf4 20. Bf2 cxd4 21. Kb1 Be5 22. Nc4 Qa6 23. Nxe5 Qxd3 24. Nxd3 Re2 25. Rhe1 Rxe1 26. Nxe1 a5 27. Bxd4 Bc6 28. Nd3 f6 29. Bb6 Kf7 30. b3 a4 31. bxa4 Rxa4 32. Nc5 Rb4+ 33. Kc1 Rxb6 34. Rd3 h6 35. Rb3 Rxb3 36. cxb3 b6 37. Nd3 g6 38. Kb2 Ke6 39. a4 g5 40. hxg5 fxg5 41. Ne1 Ke5 42. Kc3 Kf4 43. Kb4 Kg3 44. a5 bxa5+ 45. Kxa5 Kf2 46. Kb6 Bd5 47. Nd3+ Kxg2 48. f4 Bxb3 49. fxg5 h5 50. Nf4+ Kg3 51. Nxh5+ Kg4 1/2-1/2

[Event "San Francisco TNM Spring op"]
[Site "San Francisco"]
[Date "2014.03.18"]
[Round "1"]
[White "Gandhi, Sid"]
[Black "Sherwood, Peter"]
[Result "0-1"]
[WhiteElo "1203"]
[BlackElo "1808"]
[PlyCount "128"]
[EventDate "2014.03.18"]
[EventType "swiss"]
[EventRounds "8"]
[EventCountry "USA"]
[SourceTitle "EXT 2016"]
[Source "ChessBase"]
[SourceDate "2015.10.08"]
[SourceVersion "1"]
[SourceVersionDate "2015.10.08"]
[SourceQuality "1"]

1. e4 c5 2. Nf3 d6 3. Nc3 Nf6 4. d4 cxd4 5. Nxd4 a6 6. f3 e5 7. Nb3 Be7 8. Be3 0-0 9. Qd2 Be6 10. 0-0-0 Qc7 11. Kb1 Nbd7 12. g4 Nb6 13. g5 Nfd7 14. Nd5 Nxd5 15. exd5 Bf5 16. Bd3 Bxd3 17. Qxd3 Rac8 18. h4 Nb6 19. Nd2 f5 20. gxf6 Bxf6 21. Ne4 Nd7 22. Rdg1 Rf7 23. Ng5 Bxg5 24. hxg5 g6 25. Rh6 Nf8 26. f4 Qc4 27. Qxc4 Rxc4 28. fxe5 dxe5 29. Rd1 Rd7 30. Rhh1 Rd6 31. b3 Rc3 32. Bd2 Rc8 33. Bb4 Rdd8 34. c4 Nd7 35. Rhe1 Re8 36. Rc1 b6 37. Bc3 b5 38. Re4 bxc4 39. bxc4 Nc5 40. Re3 e4 41. Bb4 Nd3 42. Rxd3 exd3 43. c5 Red8 44. d6 Rc6 45. Ba5 Rd7 46. Bb4 Kf7 47. Rd1 Rb7 48. a3 a5 49. Rxd3 axb4 50. d7 bxa3+ 51. Ka2 Rxd7 52. Rxd7+ Ke6 53. Rxh7 Rxc5 54. Kxa3 Rxg5 55. Rh3 Rd5 56. Rf3 g5 57. Kb4 g4 58. Rg3 Kf5 59. Kc4 Rd8 60. Rg1 Kf4 61. Rf1+ Ke3 62. Rg1 Kf3 63. Rf1+ Kg2 64. Rc1 Rc8+ 0-1